Integrated product handling corp. information management system / (Record no. 329738)
[ view plain ]
| 000 -LEADER | |
|---|---|
| fixed length control field | 00603nam a2200205Ia 4500 |
| 008 - FIXED-LENGTH DATA ELEMENTS--GENERAL INFORMATION | |
| fixed length control field | 170504s9999 xx 000 0 und d |
| 050 ## - LIBRARY OF CONGRESS CALL NUMBER | |
| Classification number | T 58.5 |
| 050 ## - LIBRARY OF CONGRESS CALL NUMBER | |
| Item number | .M112 2016 |
| 100 ## - MAIN ENTRY--PERSONAL NAME | |
| Personal name | Mabbun, Mark Frederick P. |
| 245 ## - TITLE STATEMENT | |
| Title | Integrated product handling corp. information management system / |
| 245 ## - TITLE STATEMENT | |
| Statement of responsibility, etc | Mark Frederick P. Mabbun. |
| 260 ## - PUBLICATION, DISTRIBUTION, ETC. (IMPRINT) | |
| Place of publication, distribution, etc | Las Piñas, Philippines : |
| 260 ## - PUBLICATION, DISTRIBUTION, ETC. (IMPRINT) | |
| Name of publisher, distributor, etc | SISC, |
| 260 ## - PUBLICATION, DISTRIBUTION, ETC. (IMPRINT) | |
| Date of publication, distribution, etc | 2016. |
| 300 ## - PHYSICAL DESCRIPTION | |
| Extent | 148 pages : |
| 300 ## - PHYSICAL DESCRIPTION | |
| Other physical details | illustrations ; |
| 300 ## - PHYSICAL DESCRIPTION | |
| Dimensions | 28 cm. |
| 500 ## - GENERAL NOTE | |
| General note | Includes bibliographical references and appendices. |
| 521 ## - TARGET AUDIENCE NOTE | |
| Target audience note | Information Technology |
No items available.